Η τράπεζα : πώς η Goldman Sachs κυβερνά τον κόσμο;

Saved in:
Bibliographic Details
Main Author: Roche, Marc, 1951-
Other Authors: Κομνηνέλλη, Αριστέα (trlf)
Format: Book
Language:Greek
French
Published: Αθήνα : Μεταίχμιο, 2011.
Edition:2η έκδ.
Subjects:
Tags: Add Tag
No Tags, Be the first to tag this record!

MARC

LEADER 00000cam a2200000 i 4500
001 1/53858
008 140826s2011 gr | ||| |||| | gre||
020 |a 9789605011932 
035 |l 10118745 
040 |a GR-MyUa   |b gre   |e AACR2  
041 1 |a gre  |h fre 
082 7 |a 332.15   |2 (23)  
100 1 |a Roche, Marc,   |d 1951- 
245 1 2 |a Η τράπεζα :   |b πώς η Goldman Sachs κυβερνά τον κόσμο; /   |c Marc Roche ; μετάφραση: Αριστέα Κομνηνέλλη.  
250 |a 2η έκδ.  
260 |a Αθήνα :   |b Μεταίχμιο,   |c 2011.  
300 |a 346 σ. ;   |c 21 εκ.  
500 |a Τίτλος πρωτοτύπου: La banque.  
500 |a Βραβείο βιβλίου οικονομίας 2010.  
504 |a Βιβλιογραφία: σ. 339-343. 
650 0 |a Banks and banking. 
650 0 |a Investment banking  |z United States. 
650 0 |a Finance. 
650 0 |a Economic history. 
700 1 |a Κομνηνέλλη, Αριστέα,  |e trlf 
852 |a INST  |b RHODES  |e 20140826  |h 332.15 ROC  |p 005400036656  |q 005400036656  |t BK  |y 0 
901 |a BIBL4-2014-2 
970 |z 2014/08/26